000 00286nam a2200133Ia 4500
100 _aTiffin/Joseph
942 _cBK
654 _aPsychology
245 _aIndustrial Psychology
260 _bGerge Allers &UnWin
_aLondon
_c1969
082 _a158.7
300 _a682
546 _aENGLISH
999 _c32440
_d32440